| 000 | 01009cam a22002893a 4500 | ||
|---|---|---|---|
| 001 | 9599 | ||
| 003 | PGUSA | ||
| 005 | 20140828083214.0 | ||
| 008 | 051201s2005||||xxu|||||s|||||000 | eng d | ||
| 040 |
_aPGUSA _beng |
||
| 042 | _adc | ||
| 050 | 4 | _aPS | |
| 100 | 1 |
_aWhittier, John Greenleaf, _d1807-1892 |
|
| 245 | 1 | 4 |
_aThe Works of John Greenleaf Whittier, Volume VII, Complete : _bThe Conflict with Slavery, Politics and Reform, the Inner Life, and Criticism _h[electronic resource] / _cJohn Greenleaf Whittier |
| 260 |
_bProject Gutenberg, _c2005 |
||
| 500 | _aIncludes eBooks 9594-9598. | ||
| 506 | _aPublic domain in the USA. | ||
| 516 | _aElectronic text | ||
| 653 | _aAntislavery movements -- United States | ||
| 653 | _aSlavery -- United States | ||
| 653 | _aAmerican literature | ||
| 653 | _aLiterature -- History and criticism | ||
| 653 | _aUnited States -- Politics and government | ||
| 830 | 0 |
_aProject Gutenberg _v9599 |
|
| 856 | 4 | 0 | _uhttp://www.gutenberg.org/ebooks/9599 |
| 942 | _cEB | ||
| 999 |
_c238855 _d238855 |
||